000 00259nam a2200109Ia 4500
008 200302s9999 xx 000 0 und d
100 _aAlison Blunt & Others
245 _aHome
260 _bRoutledge Taylor & Francis Group
260 _c2006
300 _a304 P.,
999 _c5142
_d5142